Что я знаю о России, Учебное пособие

Dades bibliogràfiques
Autor principal: И. М. Васенкова
Altres autors: А. М. Рудковская
Sumari:Книга находится в премиум-версии платформы «Русский как иностранный».
Пособие направлено на знакомство иностранных студентов с культурой, историей, географическими особенностями России, городами и некоторыми известными людьми России, на формирование навыков чтения и разговорной речи. Содержит задания, формирующие информационную и коммуникативную компетенцию иностранных студентов. Предназначено для иностранных слушателей подготовительного отделения, обучающихся в ННГАСУ. Может быть использовано как для аудиторной работы под руководством преподавателя, так и для самостоятельной работы студентов.
Publicat: Нижний Новгород, Нижегородский государственный архитектурно-строительный университет, ЭБС АСВ, 2021
Matèries:
Accés en línia:Перейти к просмотру издания
Format: MixedMaterials Electrònic

MARC

LEADER 00000 a2200000 4500
001 RU/ROS-EDU.RU/122903
856 4 |u https://www.ros-edu.ru/book?id=122903  |z Перейти к просмотру издания 
010 |a 978-5-528-00432-7 
100 |a 20210101d2021 |||y0rusy0250  
105 |a y z 000zy 
101 0 |a rus 
102 |a RU 
200 1 |a Что я знаю о России  |b Электронный ресурс  |e Учебное пособие  |f И. М. Васенкова, А. М. Рудковская 
700 1 |b И. М.  |a Васенкова  |4 070 
701 1 |b А. М.  |a Рудковская  |4 070 
330 |a Пособие направлено на знакомство иностранных студентов с культурой, историей, географическими особенностями России, городами и некоторыми известными людьми России, на формирование навыков чтения и разговорной речи. Содержит задания, формирующие информационную и коммуникативную компетенцию иностранных студентов. Предназначено для иностранных слушателей подготовительного отделения, обучающихся в ННГАСУ. Может быть использовано как для аудиторной работы под руководством преподавателя, так и для самостоятельной работы студентов. 
210 |a Нижний Новгород  |c Нижегородский государственный архитектурно-строительный университет, ЭБС АСВ  |d 2021 
610 1 |a культура 
610 1 |a история России 
610 1 |a географические особенности 
610 1 |a разговорная речь 
675 |a 94 
686 |a 63.3  |2 rubbk 
300 |a Книга находится в премиум-версии платформы «Русский как иностранный». 
215 |a 60 с.